| 000 | 00699nam a2200229 a 4500 | ||
|---|---|---|---|
| 005 | 20210223121601.0 | ||
| 008 | 991125s1982 es 000 0 spa u | ||
| 020 | _a843721209X | ||
| 035 | _aUPN01000020341 | ||
| 049 | _aI | ||
| 050 | 4 |
_aTK9960 _bO7.4 |
|
| 100 | 1 |
_aOrtiz, L. _937046 |
|
| 245 | 1 | 0 |
_aEntretenimientos radioeléctricos / _cL. Ortiz, J. Estévez. |
| 260 |
_aMadrid : _bAltea, _c1982. |
||
| 300 |
_a106 p. : _bil. |
||
| 440 | 0 |
_aEnciclopedia de las aficiones ; _v19 |
|
| 650 | 4 |
_aELECTRONICA - _vLITERATURA JUVENIL _920314 |
|
| 650 | 4 |
_aELECTRONICA - _xEXPERIMENTOS _920313 |
|
| 650 | 4 |
_aRADIO - _xRECEPTORES Y RECEPCION _923845 |
|
| 700 | 1 |
_aEstévez, J., _ecoaut. |
|
| 905 | _aInfantil | ||
| 999 |
_c20341 _d20341 |
||